000 00240cam a2200097ua 4500
100 _aRamachandran, M.K. .
245 0 0 _aThapo bhumi utharakhand /
_cM. K. Ramachandran.
_hTextual Documents
300 _a ; .
504 _a
999 _c13575
_d13575